| 000 | 00440nam a2200109Ia 4500 | ||
|---|---|---|---|
| 008 | 171204s9999 xx 000 0 und d | ||
| 245 | _aInformation Security Applications: 15th International Workshop, Wisa 2014, Jeju Island, Korea, August 25-27, 2014. | ||
| 245 | _cKyung-Hyune Rhee | ||
| 260 | _c2014 | ||
| 650 | _xFUNDAMENTALS OF INFORMATION SECURITY | ||
| 856 | _uhttp://down.ebook777.com/014/InfSecApp15tIntWorWis201JejIslKorAug252201.pdf | ||
| 999 |
_c347159 _d347159 |
||